Normal view
MARC view
Entry Topical Term
001 - CONTROL NUMBER
- control field: 26384
003 - CONTROL NUMBER IDENTIFIER
- control field: OSt
005 - DATE AND TIME OF LATEST TRANSACTION
- control field: 20230620145013.0
008 - FIXED-LENGTH DATA ELEMENTS
- fixed length control field: 230620|| aca||aabn | a|a d
040 ## - CATALOGING SOURCE
- Original cataloging agency: OSt
- Transcribing agency: OSt
150 ## - HEADING--TOPICAL TERM
- Topical term or geographic name entry element: ထေႇရုပ်ႉပတ်ႉတိ၊ ပိုၼ်းၵႅပ်ႈ
670 ## - SOURCE DATA FOUND
- Source citation: Work cat.: (OSt): ပၺ်ႇၺႃႇၼၼ်ႇတ၊ ၸဝ်ႈသြႃႇလူင်၊ Dr.၊ တူၼ်ၶူးၸဝ်ႈလဵဝ် ပဵၼ်သၢမ်ထႅၼ်ႈ။ 26383, တူဝ်ထူပ်းလႄႈ တၢင်းႁၼ်ထိုင် ၵႆၸမ် /, 2015 ။